000 00261nam a22001217a 4500
008 181102b xxu||||| |||| 00| 0 eng d
041 _aeng
080 _22nd
_a617
100 _a5
101 _aKIR
245 _aSurgical Diagnosis
_cThorek,P
942 _2udc
_cBK
999 _c51648
_d51648